Demokratische Präsidenten - Sudden Death - Statistiken

Allgemein
  • Dieses Quiz wurde 348 mal gespielt
  • Das Durchschnittsergebnis liegt bei 6 aus 16
Answers on the Grid
Answers color-coded by a green-red scale on the quiz's grid according to % correct below.
George Washington
John Adams
Thomas Jefferson
James Madison
James Monroe
John Quincy Adams
Andrew Jackson
Martin Van Buren
William Henry Harrison
John Tyler
James K. Polk
Zachary Taylor
Millard Fillmore
Franklin Pierce
James Buchanan
Abraham Lincoln
Andrew Johnson
Ulysses S. Grant
Rutherford B. Hayes
James A. Garfield
Chester A. Arthur
Grover Cleveland
Benjamin Harrison
William McKinley
Theodore Roosevelt
William Howard Taft
Woodrow Wilson
Warren G. Harding
Calvin Coolidge
Herbert Hoover
Franklin D. Roosevelt
Harry S. Truman
Dwight D. Eisenhower
John F. Kennedy
Lyndon B. Johnson
Richard Nixon
Gerald Ford
Jimmy Carter
Ronald Reagan
George H. W. Bush
Bill Clinton
George W. Bush
Barack Obama
Donald Trump
Joe Biden
 
Antwortstatistiken
Antwort % Korrekt
Joe Biden
85%
Barack Obama
84%
Bill Clinton
69%
John F. Kennedy
63%
Jimmy Carter
61%
Lyndon B. Johnson
40%
Franklin D. Roosevelt
36%
Harry S. Truman
32%
Woodrow Wilson
21%
Andrew Jackson
12%
Andrew Johnson
11%
Grover Cleveland
11%
Martin Van Buren
11%
James Buchanan
7%
Franklin Pierce
6%
James K. Polk
6%
Keine übereinstimmenden Quizze gefunden
Verteilung der Resultate
Anzahl Personen mit jedem Resultat
Perzentil nach korrekt beantworteten Fragen
Ihre Resultats-Entwicklung
Sie haben dieses Quiz noch nicht gespielt